000 00481nam a2200169Ia 4500
999 _c6202
_d6202
003 OSt
005 20210121102813.0
008 190216s9999||||xx |||||||||||||| ||und||
040 _coclc
082 _a658.1599
_bVIJ/M
100 _aVij, Madhu
_98312
245 0 _aMultinational Financial Management /
_cMadhu Vij
260 _bExcel Books,
_c2001.
_aNew Delhi:
300 _a760p
650 _aCommerce
942 _cBK
_2ddc
_h658.1599
_iVIJ/M
_k658.1599
_mVIJ/M